=LDR 00000nam 2200000 4500 =001 INLIS000000000035362 =005 20130612141226 =008 ***********************************ind** =035 ##$$0010-061300000035362 =041 ##$$a ind =082 ##$$a 028.5 =090 ##$$a 028.5, Yun p =245 ##$$a Pelangi dibalik kerumuhan akibat gempa, Vaustinus Eko Yunas,Chiristina Septiningsih =260 ##$$a 2007 $b Yogyakarta =300 ##$$a 105 hlm, ilus, 20cm =650 ##$$a BACAAN ANAK DAN REMAJA =850 ##$$a NBPNMAT